000 00903cam a2200241 a 4500
003 MX-MxUPN
005 20240423120610.0
008 190315s2013 mx fr 000 0 spa d
035 _aUPN01000229693
040 _aMX-MxUPN
_bspa
041 0 _aspa
050 4 _aLC3735 M6
_bE93 2013
100 1 _929334
_aMiranda López, Francisco
245 1 0 _aEvaluación de proceso de cuatro programas y estrategias de educación indígena
250 _aPrimera edición
260 _aMéxico, D.F. :
_bSecretaría de Educación Pública :
_bPrograma de las Naciones Unidas para el Desarrollo,
_c2013.
300 _a262 páginas +
_e1 CD-ROM
490 0 _aConstrucción de ciudadanía y educación indígena : prácticas con equidad
650 0 _951696
_aIndígenas de México
_xEducación
_xPolítica gubernamental
902 _bVíctorGodínez/230424
942 _2lcc
_cLIBRO
999 _c201788
_d201788